| 000 | 00471nam a2200193Ia 4500 | ||
|---|---|---|---|
| 008 | 170918s9999 xx 000 0 und d | ||
| 020 | _a9781846651205 | ||
| 050 | _bA933pr 2006 | ||
| 100 | _aAusten, Jane | ||
| 245 | _aPride and prejudice / | ||
| 245 | _cby Jane Austen. | ||
| 260 | _aLondon : | ||
| 260 | _bCharrles Baker Ltd., | ||
| 260 | _c2006 | ||
| 300 | _a98 pages : | ||
| 300 | _billustrations ; | ||
| 300 | _c22cm. | ||
| 300 | _eCharles baker classics. | ||
| 999 |
_c343338 _d343338 |
||